000 00848nam a2200241Ia 4500
003 OSt
005 20220923222503.0
006 a|||||r|||| 00| 0
007 ta
008 220922b |||||||| |||| 00| 0 hin d
024 _a205,246
037 _cTextual
040 _aARTS
_cARTS
_bhin
041 _2hin
_ahin
082 _aO152:g, K5
100 _aप्रसाद, वासुदेव नन्दन; प्रसाद, विश्वनाथ
_9166969
245 0 _aसाहित्य का विश्लेषण
246 _aSāhitya kā vishleṣhaṇa
260 _c1965
650 _aहिन्दी साहित्य
_9156264
942 _hO152:g, K5
_cTEXL
_2CC
999 _c355975
_d355975